Φορτώνει......
Embroidery /
| Κύριος συγγραφέας: | |
|---|---|
| Μορφή: | Printed Book |
| Γλώσσα: | Malayalam |
| Έκδοση: |
Thiruvananthapuram:
The state institute of languages,
2014.
|
| Θέματα: |
| LEADER | 00519nam a22001577a 4500 | ||
|---|---|---|---|
| 008 | 151012b xxu||||| |||| 00| 0 mal d | ||
| 020 | |a 9788176389051 | ||
| 082 | |a 746.44 | ||
| 100 | |a Suja Shaji | ||
| 245 | |a Embroidery / |c Suja Shaji | ||
| 260 | |a Thiruvananthapuram: |b The state institute of languages, |c 2014. | ||
| 300 | |a 296 p. | ||
| 650 | |a Embroidery | ||
| 942 | |c BK | ||
| 999 | |c 107029 |d 107029 | ||
| 952 | |0 0 |1 0 |4 0 |6 746_440000000000000_SUJ_E_M |7 0 |9 111492 |a UL |b UL |c REF |d 2015-10-12 |l 0 |o 746.44 SUJ/E M |p G10420 |r 2015-10-12 |v 650.00 |y TXT | ||